| Tag |
First Indicator |
Second Indicator |
Subfields |
| LEADER |
00000cjm a2200000 a 4500 |
| 001 |
in00003594521 |
| 005 |
20170928135248.0 |
| 007 |
sd fsngnnmmned |
| 008 |
130313s2008 xx ppnn n eng d |
| 010 |
|
|
|a 2013617682
|
| 024 |
1 |
|
|a 724596939826
|
| 024 |
8 |
|
|a 00724596939826
|
| 028 |
0 |
2 |
|a 724596939826
|b Mute Corp.
|
| 028 |
0 |
2 |
|a 724596939826 9398-2
|b Mute Corp.
|
| 028 |
0 |
2 |
|a 9398-2
|b Mute Corp.
|
| 035 |
|
|
|a (OCoLC)ocn259267360
|
| 040 |
|
|
|a BTCTA
|b eng
|c BTCTA
|d DLC
|d GL9
|d OCLCO
|d OCLCF
|d OCLCO
|d TEFMT
|d UtOrBLW
|
| 042 |
|
|
|a lccopycat
|
| 043 |
|
|
|a e-fr---
|
| 049 |
|
|
|a TXAM
|
| 082 |
1 |
4 |
|a 782.42/166
|2 23
|
| 090 |
|
|
|a M1630.18.M458
|b D54 2008
|
| 110 |
2 |
|
|a M83 (Musical group),
|e performer.
|0 http://id.loc.gov/authorities/names/no2005019414
|
| 245 |
1 |
0 |
|a Digital shades.
|n Vol. 1 /
|c M83.
|
| 264 |
|
1 |
|a [Place of publication not identified] :
|b Mute Corp.,
|c [2008]
|
| 264 |
|
4 |
|c ℗2008
|
| 300 |
|
|
|a 1 sound disc :
|b digital ;
|c 4 3/4 in.
|
| 336 |
|
|
|a performed music
|b prm
|2 rdacontent
|
| 337 |
|
|
|a audio
|b s
|2 rdamedia
|
| 338 |
|
|
|a audio disc
|b sd
|2 rdacarrier
|
| 500 |
|
|
|a Title from container insert.
|
| 511 |
0 |
|
|a Indie electronic music performed by M83: Anthony Gonzalez.
|
| 500 |
|
|
|a Compact disc.
|
| 505 |
0 |
0 |
|t Waves, waves, waves --
|t Coloring the void --
|t Sister, pt. I --
|t Strong and wasted --
|t My own strange path --
|t Dancing mountains --
|t Sister, pt. II --
|t By the kiss --
|t Space fertilizer --
|t The highest journey.
|
| 500 |
|
|
|a Sound recording.
|
| 650 |
|
0 |
|a Popular music
|z France
|y 2001-2010.
|0 http://id.loc.gov/authorities/subjects/sh2010107598
|
| 650 |
|
0 |
|a Electronic music.
|0 http://id.loc.gov/authorities/subjects/sh85042350
|
| 650 |
|
7 |
|a Electronic music.
|2 fast
|0 (OCoLC)fst00907363
|
| 650 |
|
7 |
|a Popular music.
|2 fast
|0 (OCoLC)fst01071422
|
| 651 |
|
7 |
|a France.
|2 fast
|0 (OCoLC)fst01204289
|
| 648 |
|
7 |
|a 2001 - 2010
|2 fast
|
| 948 |
|
|
|a cataloged
|b h
|c 2015/10/27
|d c
|e ceaton
|f 12:18:18 pm
|
| 994 |
|
|
|a C0
|b TXA
|
| 999 |
f |
f |
|s 875e1504-ed6c-355f-a647-f8a951d1536b
|i 0ddf6931-6c40-3bd5-b52b-0740d2081a1c
|t 0
|
| 952 |
f |
f |
|p ric
|a Texas A&M University
|b Rellis Campus
|c Joint Library Facility
|d Remote Storage
|t 0
|e M1630.18.M458 D54 2008
|h Library of Congress classification
|i audio -- audio disc
|m A14843203697
|
| 998 |
f |
f |
|a M1630.18.M458 D54 2008
|t 0
|l Remote Storage
|